Aeschylu's Agamemnon / (Record no. 55238)
[ view plain ]
| 000 -LEADER | |
|---|---|
| fixed length control field | 00761nam a2200241 a 4500 |
| 001 - CONTROL NUMBER | |
| control field | 55238 |
| 003 - CONTROL NUMBER IDENTIFIER | |
| rucl marc code | BD-RjUL |
| 005 - DATE AND TIME OF LATEST TRANSACTION | |
| control field | 20211209080234.0 |
| 008 - FIXED-LENGTH DATA ELEMENTS--GENERAL INFORMATION | |
| fixed length control field | 161115s1957 enk||||| |||| 00| 0 eng d |
| 035 ## - SYSTEM CONTROL NUMBER | |
| System control number | (BD-RjUL)55360 |
| 040 ## - CATALOGING SOURCE | |
| Original cataloging agency | BD-RjUL |
| Language of cataloging | eng |
| Transcribing agency | BD-RjUL |
| 041 ## - LANGUAGE CODE | |
| Language code of text/sound track or separate title | eng |
| 082 ## - DEWEY DECIMAL CLASSIFICATION NUMBER | |
| Edition number | 23 |
| Classification number | 882.01 |
| Author mark and year | AEA 1957 |
| 100 ## - MAIN ENTRY--PERSONAL NAME | |
| Personal name | Aeschylus |
| 9 (RLIN) | 164570 |
| 245 ## - TITLE STATEMENT | |
| Title | Aeschylu's Agamemnon / |
| Statement of responsibility, etc. | Aeschylus; John Dewar Denniston and Denys Page |
| 260 ## - PUBLICATION, DISTRIBUTION, ETC. (IMPRINT) | |
| Place of publication, distribution, etc. | Oxford : |
| Name of publisher, distributor, etc. | At the clarendon press, |
| Date of publication, distribution, etc. | 1957. |
| 300 ## - PHYSICAL DESCRIPTION | |
| Pagination | xxxix, 240 p. ; |
| Size | 17 cm. |
| 600 ## - SUBJECT ADDED ENTRY--PERSONAL NAME | |
| Personal name | Aeschylus. |
| Title of a work | |
| 650 ## - SUBJECT ADDED ENTRY--TOPICAL TERM | |
| Topical term or geographic name as entry element | Agamemnon |
| Form subdivision | Drama. |
| General subdivision | King of Mycenae (Mythological character) |
| 9 (RLIN) | 164572 |
| 700 ## - ADDED ENTRY--PERSONAL NAME | |
| Personal name | Denniston , John Dewar |
| Personal name | Page, Denys |
| 942 ## - ADDED ENTRY ELEMENTS (KOHA) | |
| Source of classification or shelving scheme | Dewey Decimal Classification |
| Koha item type | Books |
| Lost status | Source of classification or shelving scheme | Damaged status | Not for loan | Collection code | Permanent Location | Current Location | Shelving location | Date acquired | Source of acquisition | Cost, normal purchase price | Total Checkouts | Full call number | Date last seen | Copy number | Koha item type |
|---|---|---|---|---|---|---|---|---|---|---|---|---|---|---|---|
| Dewey Decimal Classification | Non-fiction | Central Library, University of Rajshahi | Central Library, University of Rajshahi | 02/09/1957 | B. I. Service | 1.10 | 882.01 AEA 1957 | 15/11/2016 | C-2 | Books |